| 000 | 01065nam a2200301 i 4500 | ||
|---|---|---|---|
| 001 | 179990 | ||
| 003 | ES-MaACL | ||
| 005 | 20230927194949.0 | ||
| 008 | 120312s2011 sp a |||| | spa d | ||
| 020 | _a978-84-93-838-53-9 | ||
| 080 | _a930.85(519) | ||
| 080 | _a327(519) | ||
| 245 | 0 | 0 |
_aCorea, imagen o realidad / _cAlfonso Ojeda, Álvaro Hidalgo (coordinadores). |
| 260 |
_aAtarfe (Granada) : _bEntorno Gráfico, _c[2011] |
||
| 300 |
_a230 p. : _bil. ; _c20 cm. |
||
| 490 | 1 | _aLiteratura coreana | |
| 504 | _aReferencias bibliográficas. | ||
| 651 | 4 |
_aCorea- _xCivilización. _9142344 |
|
| 651 | 4 |
_aCorea- _xPolítica exterior. _9142345 |
|
| 700 | 1 |
_aOjeda Marín, Alfonso. _9142346 |
|
| 700 | 1 |
_aHidalgo Vega, Álvaro. _9149599 |
|
| 710 | 2 |
_aCentro Español de Investigaciones Coreanas. _9142347 |
|
| 830 | 0 |
_aLiteratura coreana _9223666 |
|
| 852 |
_aES-MaACL _jA-12032 _9186897 _bR.146766 _cDEPO1 _dOlim: N-5037 _xDonación: José M. Prieto |
||
| 903 |
_9137530 _aPrieto, José María _ednr |
||
| 942 |
_2udc _cMONOGRAFIA |
||
| 999 |
_c179990 _d179990 |
||